000
00319nam a22001217a 4500
008
170131b xxu||||| |||| 00| 0 eng d
041
_a
eng
080
_a
61
100
_a
3
101
_a
SHMI
245
_a
CHRONIC ILLNESS AND DISABILITY THROUGH THE LIFESPAN EFFECTS ON SELF AND FAMILY
_c
EISENBERG, M.G
942
_2
udc
_c
BK
999
_c
4047
_d
4047